000 00343nam a22001457a 4500
008 230913b ||||| |||| 00| 0 eng d
020 _a9780262581691
041 _aeng
080 _a521
082 _a521HUG
100 _a19
101 _aASTRO
245 _aCLASSIC READINGS WITH A CONTEMPORARY COMMENTARY
_cHUGGETT .N
942 _2udc
_cBK
999 _c60375
_d60375